000
00401nam a2200145Ia 4500
008
090122s9999 xx 000 0 und d
082
_b
7747
_a
891.463
100
_a
शेवते
_b
अरुण
245
_a
का.लांी.दी.
600
_a
शेवते
630
_a
का.लांी.दी.
700
_a
शेवते
730
_a
का.लांी.दी.
942
_c
BOOK
999
_c
31824
_d
31824